书目信息 |
| 题名: |
读书的艺术
|
|
| 作者: | 张之 编著 | |
| 分册: | ||
| 出版信息: | 上海 上海人民出版社 1982 |
|
| 页数: | 127页 | |
| 开本: | 19cm | |
| 丛书名: | 青年之友丛书 | |
| 单 册: | ||
| 中图分类: | D432.63 | |
| 科图分类: | ||
| 主题词: | 学习方法--青年读物 | |
| 电子资源: | ||
| ISBN: | ||
| 000 | 00658nam2 2200253 45 | |
| 001 | 0182008212 | |
| 005 | 20060911171558.78 | |
| 010 | @dCNY0.31 | |
| 091 | @aCN@b3074.644 | |
| 100 | @a19950522d1982 em y0chiy0121 ea | |
| 101 | 0 | @achi |
| 102 | @aCN@b310000 | |
| 105 | @ay z 000yy | |
| 200 | 10 | @a读书的艺术@Adu shu de yi shu@f张之编著 |
| 210 | @a上海@c上海人民出版社@d1982 | |
| 215 | @a127页@d19cm | |
| 225 | 2 | @a青年之友丛书 |
| 410 | 0 | @120010@a青年之友丛书 |
| 606 | @a学习方法@x青年读物 | |
| 690 | @aD432.63@v3 | |
| 701 | 0 | @a张之@Azhang zhi@4编著 |
| 801 | 2 | @aCN@bNLC@c20060911 |
| 801 | 0 | @aCN@bTSSF@c20060818 |
| 905 | @a10447@dD432.63@e170 | |
| 读书的艺术/张之编著.-上海:上海人民出版社,1982 |
| 127页;19cm.-(青年之友丛书) |
| ISBN :CNY0.31 |
| ● |
| 相关链接 |
|
|
|
|
正题名:读书的艺术
索取号:D432.63/170
 
预约/预借
| 序号 | 登录号 | 条形码 | 馆藏地/架位号 | 状态 | 备注 |
| 1 | 0448886 | 204488866 | 密集书库/ [索取号:D432.63/170] | 在馆 | |
| 2 | 0448887 | 204488875 | 密集书库/ [索取号:D432.63/170] | 在馆 | |
| 3 | 0453875 | 204538759 | 密集书库/ [索取号:D432.63/170] | 在馆 | |
| 4 | 0459354 | 204593546 | 密集书库/ [索取号:D432.63/170] | 在馆 | |
| 5 | 0459355 | 204593555 | 密集书库/ [索取号:D432.63/170] | 在馆 | |
| 6 | 0465601 | 204656014 | 密集书库/ [索取号:D432.63/170] | 在馆 | |
| 7 | 0472071 | 204720711 | 密集书库/ [索取号:D432.63/170] | 在馆 |